01317cam a22002293a 45000010005000000030006000050050017000110080041000280400015000690420007000840500007000911000035000982450113001332600029002465050635002755060030009105160020009406530038009606530020009988300028010188560041010467030PGUSA20140828083139.0041201s2004||||xxu|||||s|||||000 | eng d aPGUSAbeng adc 4aQH1 aJefferies, Richard,d1848-188710aField and Hedgerow :bBeing the Last Essays of Richard Jefferiesh[electronic resource] /cRichard Jefferies bProject Gutenberg,c20040 aHours of spring -- Nature and books -- The July grass -- Winds of heaven -- The country Sunday -- The country-side: Sussex -- Swallow-time -- Buckhurst Park -- House-martins -- Among the nuts -- Walks in the wheat-fields -- Just before winter -- Locality and nature -- Country places -- Field words and ways -- Cottage ideas -- April gossip -- Some April insects -- The time of year -- Mixed days of May and December -- The makers of summer -- Steam on country roads -- Field sports in art: the mammoth hunter -- Birds' nests -- Nature in the Louvre -- Summer in Somerset -- An English deer-park -- My old village -- My chaffinch. aPublic domain in the USA. aElectronic text aEngland -- Description and travel aNatural history 0aProject Gutenbergv703040uhttp://www.gutenberg.org/ebooks/7030